000
00346nam a2200145Ia 4500
008
220803s9999 xx 000 0 und d
020
_a
9789381351185
041
_a
eng
082
_a
891.46 TEJ
100
_a
Tej Gyan Pub.
_9
25324
245
_a
Shodh Ishwaracha
260
_a
Pune
_b
Tej Gyan Foundation
_c
2014
300
_a
208p
500
_a
ARCHI
999
_c
16144
_d
16144